| 000 | 00956nac a22002411u 4500 | ||
|---|---|---|---|
| 008 | 111219s2001 cau|||||r|||| 00| 0 eng d | ||
| 010 | _a 2001087088 | ||
| 020 | _a078212870X | ||
| 082 |
_a004.62 _bEVA _222 |
||
| 100 |
_aEvans, Huw. _928179 |
||
| 245 | 1 | 0 |
_aGetting started with WAP and WML / _cHuw Evans, Paul Ashworth. |
| 250 | _a1st ed. | ||
| 260 |
_aAlameda, CA : _bSybex Inc., _cc.2001. |
||
| 300 |
_a363 p. ; _c24 cm. |
||
| 500 | _aDistributer : Al-Ahram. | ||
| 511 | _aCatalogued By : Mahitab. | ||
| 650 |
_aWireless application protocol (Computer network protocol) _928180 |
||
| 650 |
_aWireless communication systems. _928181 |
||
| 700 | 1 |
_aAshworth, Paul. _928182 |
|
| 856 | 4 | 2 |
_3Publisher description _uhttp://www.loc.gov/catdir/enhancements/fy0611/2001087088-d.html |
| 942 |
_cBB _k004.62EVA _2ddc |
||
| 999 |
_c5526 _d5526 |
||